00865 2200313 4500001002100000005001500021035002000036007000300056040001700059100002900076245008800105250001200193300003100205020002200236041000800258082000800266084001400274090002100288264003600309336002100345337003000366338002300396650001000419700002700429850001000456008004100466990002200507990002200529INLIS00000000000671920260411081116 a0010-0622000054ta aSBPUPADbind0 aNanik MinarniePengarang1 aBuku Pintar Rumus Super Lengkap SMK :bRumpun Teknik /cNanik Minarni ;Editor,Qoni a.-cet.1 a536 hlm. :bilus. ;c18 cm a978-602-9394-59-00 aind a510 a510 NAN b a510 NAN b L11-R3 a.--Yogyakarta :bFamilia,c2017 2rdacontentaTeks 2rdamediaaTanpa Perantara 2rdacarrieravolume 4aKamus0 aEditor,QoniePengarang aPUPAD260411 0  a22.214/B/DPK/2018 a29.213/B/DPK/2018